| 000 | 00491nmm a22001697a 4500 | ||
|---|---|---|---|
| 005 | 20170209141203.0 | ||
| 008 | 150727b xxu||||| |||| 00| 0 spa d | ||
| 041 | _aEspañol | ||
| 082 |
_aMD _b17 |
||
| 100 |
_aMonge Cortes, Karol _94262 |
||
| 245 | _aInforme de Práctica Supervisada realizado en el Hospital Dr Rafael Ángel Calderón Guardia | ||
| 260 | _c2011 | ||
| 650 |
_aCOSTA RICA _938697 |
||
| 650 |
_aMECANICA DENTAL _938698 |
||
| 650 |
_aAPARATOS FUNCIONALES _94264 |
||
| 942 | _cIP | ||
| 999 |
_c6603 _d6603 |
||